000
00297nam a2200109 4500
999
_c
12428
_d
12428
008
190125b ||||| |||| 00| 0 eng d
245
_a
Achieve work-life balance in style.
260
_a
Philippines
_b
Manila Bulletin
_c
c2018
300
_a
page C-2.
650
0
_9
35064
_a
Lifestyle.
942
_2
ddc
_c
PER